¿A qué estamos jugando? (Record no. 9867)

MARC details
000 -CABECERA
campo de control de longitud fija 00753nam a2200205 a 4500
001 - NÚMERO DE CONTROL
campo de control BRL_1055
005 - FECHA Y HORA DE LA ÚLTIMA TRANSACCIÓN
campo de control 20190320211020.0
008 - DATOS DE LONGITUD FIJA--INFORMACIÓN GENERAL
campo de control de longitud fija 061113s1985----mx-a######---#000-0#spa-#
041 ## - CÓDIGO DE LENGUA
Código de lengua del texto/banda sonora o título independiente spa
044 ## - CÓDIGO DEL PAÍS DE LA ENTIDAD EDITORA/PRODUCTORA
Código MARC del país mx
050 #4 - SIGNATURA TOPOGRÁFICA DE LA BIBLIOTECA DEL CONGRESO
Número de clasificación TS2301.T7
Número de documento/Ítem .E88 1985
245 10 - MENCIÓN DE TÍTULO
Título ¿A qué estamos jugando?
Resto del título del juguete tradicional al juguete tecnológico, noviembre 1984-enero 1985, Museo de Arte Moderno, México, D.F.
Mención de responsabilidad, etc. fotografías Jesús Sánchez Uribe.
260 ## - PUBLICACIÓN, DISTRIBUCIÓN, ETC.
Lugar de publicación, distribución, etc. México, D.F.
Nombre del editor, distribuidor, etc. SEP Cultura : Museo del Arte Moderno : Instituto Nacional del Consumidor
Fecha de publicación, distribución, etc. [1985]
300 ## - DESCRIPCIÓN FÍSICA
Extensión 55, xii p.
Otras características físicas il. (algunas a color)
Dimensiones 21 cm.
500 ## - NOTA GENERAL
Nota general Au1167
650 14 - PUNTO DE ACCESO ADICIONAL DE MATERIA--TÉRMINO DE MATERIA
Término de materia o nombre geográfico como elemento de entrada Juguetes
Subdivisión geográfica México
9 (RLIN) 24193
700 1# - PUNTO DE ACCESO ADICIONAL--NOMBRE DE PERSONA
Nombre de persona Sánchez Uribe, Jesús
Término indicativo de función/relación il.
9 (RLIN) 25695
902 ## - CATALOGADOR
Iniciales GRL
942 ## - ELEMENTOS DE PUNTO DE ACCESO ADICIONAL (KOHA)
Fuente del sistema de clasificación o colocación Library of Congress Classification
Tipo de ítem Koha Libros
Holdings
Estado de retiro Estado de pérdida Estado dañado No para préstamo Localización permanente Ubicación/localización actual Fecha de adquisición Número de inventario Total de préstamos Signatura topográfica completa Código de barras Fecha visto por última vez Precio válido a partir de Tipo de ítem Koha
El ejemplar forma parte de la colección y puede ser consultado según las políticas vigentes.       Biblioteca Centro de Estudios Ruth D. Lechuga Biblioteca Centro de Estudios Ruth D. Lechuga 06/11/2013 Au1167   TS2301.T7 .E88 1985 (Au1167) GRL01152 22/03/2019 22/03/2019 Libros